| 000 | 00717nam a22001697a 4500 | ||
|---|---|---|---|
| 999 |
_c63933 _d63933 |
||
| 003 | Ge_BSU | ||
| 005 | 20260225104332.0 | ||
| 008 | 260225s1974 ge ||||| |||| 00| 0 geo d | ||
| 041 | _ageo | ||
| 080 | _a321(47+57) მ-54 | ||
| 100 |
_aმელქაძე, ვ. _926708 |
||
| 245 |
_aგანვითარებული სოციალისტური საზოგადოების ეკონომიკა / _cვ. მელქაძე. |
||
| 264 |
_aთბილისი : _b საბჭ. საქართველო, _c1974. |
||
| 300 |
_a72 გვ. ; _b16 სმ. |
||
| 653 | _aსაბჭოთა კავშირის ეკონომიკა. | ||
| 942 |
_2udc _cᲬᲘᲒᲜᲘ |
||